000 00721nam a2200193 i 4500
001 96714
003 ES-MaACL
005 20260127062534.0
007 t|
008 050630s1911 sp ||||1| spa d
100 1 _aMaluquer y Salvador, José.
_975885
245 1 0 _aDiscurso-Resumen del curso de 1910-11 /
_cleido... por... D. Jose Maluquer y Salvador en la sesion inaugural de 1911-12 celebrada el 22 de Diciembre de 1911.
260 _aMadrid :
_b[s.n.],
_c1911.
300 _a74 p. ;
_c24 cm.
594 _aPrecede al tít.: Real Academia de Jurisprudencia y Legislacion.
700 _aReal Academia de Jurisprudencia y Legislación de España
_9217612
852 _aES-MaACL
_j1602-F-1
999 _c96714
_d96714